[Event "Titled Tuesday intern op 28th Apr"]
[Site "Chess.com INT"]
[Date "2020.04.28"]
[Round "5"]
[White "Barp, Alberto"]
[Black "Lysiak, Magdalena"]
[Result "0-1"]
[WhiteElo "2375"]
[BlackElo "2126"]
[PlyCount "96"]
[EventDate "2020.04.28"]
[EventType "swiss (blitz)"]
[EventRounds "10"]
[EventCountry "USA"]
[SourceTitle "EXT 2021"]
[Source "ChessBase"]
[SourceDate "2020.10.23"]
[SourceVersion "1"]
[SourceVersionDate "2020.10.23"]
[SourceQuality "1"]

1. d4 e6 2. c4 f5 3. Nf3 Nf6 4. Nc3 Be7 5. g3 d6 6. Bg2 0-0 7. 0-0 Ne4 8. Nxe4 fxe4 9. Nd2 d5 10. f3 exf3 11. Nxf3 Nc6 12. e3 Bd7 13. b3 a5 14. Qe2 Be8 15. Bh3 Qd6 16. e4 dxe4 17. Qxe4 e5 18. dxe5 Qg6 19. Qxg6 Bxg6 20. Bf4 a4 21. Be6+ Kh8 22. Bd5 Nb4 23. Ng5 c6 24. Bg2 Bc5+ 25. Kh1 Bd3 26. Rfd1 Bd4 27. Ne6 Bxa1 28. Nxf8 axb3 29. axb3 Bc2 30. Rf1 Bxb3 31. Nd7 Bxc4 32. Rb1 Bc3 33. h4 Nd5 34. Kh2 b5 35. Bxd5 Bxd5 36. Nb6 Ra2+ 37. Kh3 Be6+ 38. g4 h5 39. Rc1 hxg4+ 40. Kg3 Ra3 41. Be3 Bxe5+ 42. Kf2 g3+ 43. Ke2 Bg4+ 44. Kd2 g2 45. Bg1 Bf4+ 46. Kc2 Bxc1 47. Kxc1 Ra1+ 48. Kd2 Rxg1 0-1